000 00668nam a2200289Ia 4500
005 20260324124318.0
008 008 260324s9999 xx 000 0 eng d
020 _a9780203843918
037 _aEBOOK
040 _aCRL
040 _beng
040 _cCRL
041 _2eng
041 _aeng
084 _qCRL
100 _aIan Parker
_91157265
245 0 _aLacanian Psychoanalysis
245 0 _bRevolutions in Subjectivity
260 _bTaylor and Francis
260 _c2010
365 _a
365 _b98.99
856 _uhttp://www.taylorfrancis.com/books/9780203843918
942 _cEBOOK
999 _c1767947
_d1767947